| 000 | 06469cam a22019814i 4500 | ||
|---|---|---|---|
| 003 | PE-LiUPU | ||
| 005 | 20250813165841.0 | ||
| 008 | 150706s2011 pe a r 000 0 spa d | ||
| 020 | _a9786124602139 | ||
| 035 | _a(Sirsi) i9786124602139 | ||
| 040 |
_aPE-LiUPU _bspa _cPE-LiUPU _erda |
||
| 049 | _aPRUA | ||
| 082 | 0 | 4 |
_a657.3 _bA62 _221 |
| 082 | 0 | 4 |
_a657.3 _bA64 2011 |
| 100 | 1 |
_aApaza Meza, Mario, _eautor. |
|
| 245 | 1 | 0 |
_aEstados financieros : _bformulación, análisis e interpretación conforme a las NIIFS y al PCGE / _cMario Apaza Meza. |
| 264 | 1 |
_aLima : _bInstituto Pacífico, _c2011. |
|
| 300 |
_a632 páginas : _bilustraciones ; _c25 centímetros |
||
| 300 | _a04 CD-ROM | ||
| 336 |
_atext _2rdacontent |
||
| 337 |
_aunmediated _2rdamedia |
||
| 338 |
_avolume _2rdacarrier |
||
| 505 | 0 | _aNorma Internacional de de Información Financiera y los nuevos Estados Financieros según el PCGE -- El PCGE y las Normas Internacionales de Información Financiera NIC-NIIF -- Preparación Análisis e Interpretación de Estados de Situación Financiera conforme a las NIIFs y el PCGE -- Preparación Análisis e Interpretación de Estados de Resultados Integrales conforme a las NIIFs y el PCGE -- Preparación Análisis e Interpretación de Estados de Cambio en el Patrimonio conforme a las NIIFs y el PCGE -- Preparación Análisis e Interpretación de Estados de Flujo de Efectivo conforme a las NIIFs y el PCGE -- El análisis de la Liquidez -- El análisis de la Solvencia -- Análisis de Rentabilidad -- Análisis Integral e Interpretación de los Estados Financieros. | |
| 526 | _aP203 | ||
| 526 | _aP200 | ||
| 526 | _aSEG65 | ||
| 526 | _aSEG64 | ||
| 526 | _aSEG63 | ||
| 526 | _aSEG62 | ||
| 526 | _aSEG61 | ||
| 526 | _aSEG60 | ||
| 526 | _aSEG59 | ||
| 526 | _aSEG58 | ||
| 526 | _aSEG57 | ||
| 526 | _aSEG56 | ||
| 526 | _aSEG55 | ||
| 526 | _aSEG54 | ||
| 526 | _aSEG53 | ||
| 526 | _aSEG52 | ||
| 526 | _aSEG51 | ||
| 526 | _aSEG50 | ||
| 526 | _aSEG49 | ||
| 526 | _aSEG48 | ||
| 526 | _aSEG47 | ||
| 526 | _aSEG46 | ||
| 526 | _aSEG24 | ||
| 526 | _aSEG23 | ||
| 526 | _aSEG22 | ||
| 526 | _aSEG21 | ||
| 526 | _aSEG20 | ||
| 526 | _aSEG19 | ||
| 526 | _aSEG18 | ||
| 526 | _aSEG17 | ||
| 526 | _aSEG16 | ||
| 526 | _aSEG14 | ||
| 526 | _aSEG13 | ||
| 526 | _aSEG12 | ||
| 526 | _aSEG11 | ||
| 526 | _aSEG10 | ||
| 526 | _aSEG09 | ||
| 526 | _aSEG06 | ||
| 526 | _aSEG05 | ||
| 526 | _aSEG04 | ||
| 526 | _aSEG03 | ||
| 526 | _aSEG02 | ||
| 526 | _aSEG68 | ||
| 526 | _aSEG66 | ||
| 526 | _aSEG45 | ||
| 526 | _aSEG25 | ||
| 526 | _aSEG01 | ||
| 526 | _aP163 | ||
| 526 | _aP162 | ||
| 526 | _aP161 | ||
| 526 | _aP160 | ||
| 526 | _aP159 | ||
| 526 | _aP158 | ||
| 526 | _aP157 | ||
| 526 | _aP156 | ||
| 526 | _aP155 | ||
| 526 | _aP154 | ||
| 526 | _aP153 | ||
| 526 | _aP152 | ||
| 526 | _aP151 | ||
| 526 | _aP150 | ||
| 526 | _aP149 | ||
| 526 | _aP142 | ||
| 526 | _aP141 | ||
| 526 | _aP140 | ||
| 526 | _aP139 | ||
| 526 | _aP138 | ||
| 526 | _aP137 | ||
| 526 | _aP132 | ||
| 526 | _aP131 | ||
| 526 | _aP130 | ||
| 526 | _aP126 | ||
| 526 | _aP125 | ||
| 526 | _aP124 | ||
| 526 | _aP123 | ||
| 526 | _aP115 | ||
| 526 | _aP122 | ||
| 526 | _aP121 | ||
| 526 | _aP116 | ||
| 526 | _a P114 | ||
| 526 | _aP112 | ||
| 526 | _aP111 | ||
| 526 | _aP104 | ||
| 526 | _aP103 | ||
| 526 | _aP102 | ||
| 526 | _aP101 | ||
| 526 | _aP100 | ||
| 526 | _aP96 | ||
| 526 | _aP95 | ||
| 526 | _aP93 | ||
| 526 | _aP92 | ||
| 526 | _aP91 | ||
| 526 | _aP88 | ||
| 526 | _aP83 | ||
| 526 | _aP82 | ||
| 526 | _aP79 | ||
| 526 | _aP78 | ||
| 526 | _aP75 | ||
| 526 | _aP74 | ||
| 526 | _aP71 | ||
| 526 | _aP69 | ||
| 526 | _a P51 | ||
| 526 | _aP49 | ||
| 526 | _aP48 | ||
| 526 | _aP47 | ||
| 526 | _aP33 | ||
| 526 | _aP31 | ||
| 526 | _a P30 | ||
| 526 | _aP29 | ||
| 526 | _aP27 | ||
| 526 | _aP26 | ||
| 526 | _aP25 | ||
| 526 | _aP24 | ||
| 526 | _a P22 | ||
| 526 | _aP10 | ||
| 526 | _aP09 | ||
| 526 | _a P08 | ||
| 526 | _aP06 | ||
| 526 | _aP05 | ||
| 526 | _aP04 | ||
| 526 | _aP01 | ||
| 541 | _g001-0034042; | ||
| 541 | _g001-000074; | ||
| 541 | _g001-000074; | ||
| 541 | _g001-000074; | ||
| 650 | 0 | 4 |
_aEstados financieros. _91111 |
| 650 | 0 | 4 |
_aEstados financieros _xAnálisis. _95410 |
| 650 | 0 | 4 |
_aContabilidad _xNormas _vEstudio de casos. |
| 910 |
_agl _bjv _cng _d20111212 |
||
| 910 |
_bwelc _cwelc _d20160926 |
||
| 942 |
_2ddc _cBOOK |
||
| 949 |
_a657.3 A62 _wDEWEY _c1 _i64229 _lCCODEBUL1 _mBUL _p56.00 _r0 _sY _tBOOK _u2015-7-6 _xFCE _PP08 _o.STAFF. Colección General |
||
| 949 |
_a657.3 A62 _wDEWEY _c2 _i68757 _lCCODEBUL1 _mBUL _p39.00 _r0 _sY _tBOOK _u2015-7-6 _xFCE _PP08 _o.STAFF. Colección General |
||
| 949 |
_a657.3 A62 _wDEWEY _c3 _i68758 _lCCODEBUL1 _mBUL _p39.00 _r0 _sY _tBOOK _u2015-7-6 _xFCE _PP08 _o.STAFF. Colección General |
||
| 949 |
_a657.3 A62 _wDEWEY _c4 _i68759 _lCCODEBUL1 _mBUL _p39.00 _r0 _sY _tBOOK _u2015-7-6 _xFCE _PP08 _o.STAFF. Colección General |
||
| 949 |
_a657.3 A64 2011 _wDEWEY _c1 _iFJ02244 _lCCODEBUJ1 _mBUJ _p18.00 _r0 _sY _tBOOK _u2016-09-26 _xFCE _PP08 _0COMPRA _o.STAFF. Colección General Juliaca |
||
| 994 |
_aC0 _bPEPRU |
||
| 596 | _a1 3 | ||
| 999 |
_a657.3 A62 _wDEWEY _c53050 _i64229 _d53050 _e2019-11-10 _f2021-11-5 _g6 _lCCODEBUL1 _mBUL _n11 _p56.00 _q1 _r0 _sY _tBOOK _u2015-7-6 _xFCE _PP08 _0COMPRA _o.STAFF. Colección General |
||
| 999 |
_a657.3 A62 _wDEWEY _c2 _i68757 _d2019-11-3 _e2019-10-27 _f2021-11-5 _g6 _lCCODEBUL1 _mBUL _n10 _p39.00 _q3 _r0 _sY _tBOOK _u2015-7-6 _xFCE _PP08 _0COMPRA _o.STAFF. Colección General |
||
| 999 |
_a657.3 A62 _wDEWEY _c3 _i68758 _d2019-10-3 _e2019-9-30 _f2021-11-5 _g6 _lCCODEBUL1 _mBUL _n9 _p39.00 _q2 _r0 _sY _tBOOK _u2015-7-6 _xFCE _PP08 _0COMPRA _o.STAFF. Colección General |
||
| 999 |
_a657.3 A62 _wDEWEY _c4 _i68759 _d2019-8-22 _e2019-8-18 _f2021-11-5 _g6 _lCCODEBUL1 _mBUL _n26 _p39.00 _q5 _r0 _sY _tBOOK _u2015-7-6 _xFCE _PP08 _0COMPRA _o.STAFF. Colección General |
||
| 999 |
_a657.3 A64 2011 E1 _wDEWEY _c1 _iFJ02244 _d2019-10-15 _e2019-9-6 _f2022-1-31 _g4 _lCCODEBUJ1 _mBUJ _n28 _p18.00 _q35 _r0 _sY _tBOOK _u2015-12-11 _xFCE _PP08 _0COMPRA _o.STAFF. Coleción General Juliaca |
||
| 980 |
_81 _gALBERTO SANCHEZ Responsable de Automatización |
||